Principles of Speech Communication / Eighth Brief Edition (Record no. 5550)
[ view plain ]
| 000 -LEADER | |
|---|---|
| fixed length control field | 01640cam a22002414a 4500 |
| 005 - ΗΜΕΡΟΜΗΝΙΑ ΚΑΙ ΩΡΑ ΤΕΛΕΥΤΑΙΑΣ ΕΝΗΜΕΡΩΣΗΣ | |
| Πεδίο ελέγχου | 20250605164215.0 |
| 008 - FIXED-LENGTH DATA ELEMENTS--GENERAL INFORMATION | |
| Πεδίο ελέγχου σταθερού μήκους | 250528s ||||||||||||||||||||||||d |
| 035 ## - SYSTEM CONTROL NUMBER | |
| System control number | 20443 |
| 020 ## - ISBN | |
| ISBN | 673152766 |
| 040 ## - ΠΗΓΗ ΚΑΤΑΛΟΓΟΓΡΑΦΗΣΗΣ | |
| Φορέας πρωτότυπης καταλογογράφησης | MC Athens Campus Library |
| Γλώσσα καταλογογράφησης | Ελληνικά, Μοντέρνα (1453-) |
| Modifying agency | MC Athens Campus Library |
| Κανόνες περιγραφικής καταλογογράφησης | AACR2 |
| 245 1# - ΤΙΤΛΟΣ ΚΑΙ ΔΗΛΩΣΗ ΥΠΕΥΘΥΝΟΤΗΤΑΣ | |
| Τίτλος | Principles of Speech Communication / Eighth Brief Edition |
| 250 ## - EDITION STATEMENT | |
| Edition statement | 8th |
| 260 ## - PUBLICATION, DISTRIBUTION, ETC. | |
| Name of publisher, distributor, etc. | Scott, Foresman And Company, |
| Date of publication, distribution, etc. | 1980 |
| 300 ## - PHYSICAL DESCRIPTION | |
| Extent | 368 |
| 505 0# - FORMATTED CONTENTS NOTE | |
| Formatted contents note | The Speech Comunication Process, Listening: Speaker-Audience Interaction, Planning and Preparing the Speech, Using the Body to Communicate, Using the Voice to Communicate, Finding and Using Supporting Materials, Arranging and Outlining Related Points, Wording the Speech, Beginning and Ending the Speech, Visually Illustrating the Speech, Speaking to Inform, Speaking to Persuade, Speaking on Special Occasions, Speaking Before Groups, Participating in Interviews and Discussions, Appendix, Acknowledgements, Index. |
| 520 ## - SUMMARY, ETC. | |
| Summary, etc. | The Speech Comunication Process, Listening: Speaker-Audience Interaction, Planning and Preparing the Speech, Using the Body to Communicate, Using the Voice to Communicate, Finding and Using Supporting Materials, Arranging and Outlining Related Points, Wording the Speech, Beginning and Ending the Speech, Visually Illustrating the Speech, Speaking to Inform, Speaking to Persuade, Speaking on Special Occasions, Speaking Before Groups, Participating in Interviews and Discussions, Appendix, Acknowledgements, Index. |
| 700 1# - ΠΡΟΣΘΕΤΗ ΑΝΑΓΡΑΦΗ--ΦΥΣΙΚΟ ΠΡΟΣΩΠΟ | |
| Personal name | Ehninger Douglas |
| 9 (RLIN) | 6429 |
| 700 1# - ΠΡΟΣΘΕΤΗ ΑΝΑΓΡΑΦΗ--ΦΥΣΙΚΟ ΠΡΟΣΩΠΟ | |
| Personal name | Gronbeck Bruce E |
| 9 (RLIN) | 6430 |
| 700 1# - ΠΡΟΣΘΕΤΗ ΑΝΑΓΡΑΦΗ--ΦΥΣΙΚΟ ΠΡΟΣΩΠΟ | |
| Personal name | Monroe Alan H |
| 9 (RLIN) | 6431 |
| 942 ## - ADDED ENTRY ELEMENTS (KOHA) | |
| Koha item type | Books |
| Τύπος τεκμηρίου | Βιβλιοθήκη | Τρέχουσα τοποθεσία | Barcode | Αριθμός εισαγωγής | Ημερομηνία απόκτησης | Ταξιθετικό σύμβολο | Αριθμός αντιτύπου | Κατάσταση απόσυρσης | Κατάσταση χαμένου | Κατάσταση κατεστραμμένου | Μη δανεισμός | Σύνολο δανεισμών | Ημερομηνία τελευταίας εμφάνισης | Η τιμή ισχύει από |
|---|---|---|---|---|---|---|---|---|---|---|---|---|---|---|
| Books | MC Athens Campus Library | MC Athens Campus Library | 9780000055491 | 6919 | 05/06/2025 | 808.5/1 EHN | 1 | 05/06/2025 | 05/06/2025 |